Представление документа в формате MARC21

ПолеНазваниеЗначение
  Тип записи a
  Библиографический уровень m
001 Контрольный номер RU/URAIT/582649
005 Дата корректировки 20260429163557.6
008 Кодируемые данные 260429s2026 RU y f j 000 0 rus u
020 Индекс ISBN __
a ISBN 978-5-534-16561-6
c Цена, тираж 1469.00
040 Источник каталогиз. __
a Служба первич. каталог. ИКО Юрайт
c Служба, преобразующая запись ИКО Юрайт
e Правила каталог. RCR
041 Код языка издания __
a Код языка текста rus
044 Код страны публикации __
a Код страны публикации RU
080 Индекс УДК __
a Индекс УДК 504.062(075.8)
084 Индекс другой классификации/Индекс ББК __
2 Источник индекса rubbk
a Индекс другой классификации/Индекс ББК 20.18я73
100 Автор __
a Автор Хван Т. А.
q Полное имя Хван Татьяна Александровна
245 Заглавие __
a Заглавие Экология. Основы рационального природопользования
b Продолж. заглавия учебник для вузов
c Ответственность Т. А. Хван.
250 Сведения об издании __
a Основные сведения об издании 7-е изд.
256 Характеристики компьютерного файла __
a Характеристики компьютерного файла Электрон. дан.
260 Выходные данные __
a Место издания Москва
b Издательство Юрайт
c Дата издания 2026
300 Физическое описание __
a Объем 268 с
440 Серия __
a Серия Высшее образование
500 Примечания __
a Примечание URL: https://urait.ru/bcode/582649 (дата обращения: 29.04.2026).
520 Аннотация __
a Аннотация В курсе рассмотрены основные вопросы экологии и охраны окружающей среды; особенности взаимодействия общества и природы; принципы и методы рационального природопользования; экологическое регулирование и прогнозирование последствий природопользования; современное состояние окружающей среды России; основные загрязняющие вещества атмосферы, гидросферы и литосферы и их источники; теоретические и практические вопросы мониторинга окружающей среды; глобальные проблемы экологии (рациональное природопользование, изобилие отходов, сохранение видового разнообразия планеты, особо охраняемые природные территории и др.); государственные, правовые и социальные аспекты охраны окружающей среды. Соответствует актуальным требованиям федерального государственного образовательного стандарта высшего образования. Для студентов высших учебных заведений.
538 Прим. о системных особенностях __
a Прим. о системных особенностях Режим доступа: Электронно-библиотечная система Юрайт, для авториз. пользователей
653 Ключевые слова __
a Ключевые слова Экология
653 Ключевые слова __
a Ключевые слова Естественные науки
653 Ключевые слова __
a Ключевые слова Экология
653 Ключевые слова __
a Ключевые слова Общая экология
653 Ключевые слова __
a Ключевые слова Основы рационального природопользования
653 Ключевые слова __
a Ключевые слова Охрана окружающей среды
653 Ключевые слова __
a Ключевые слова Рациональное природопользование
653 Ключевые слова __
a Ключевые слова Основы экологии
653 Ключевые слова __
a Ключевые слова Экология и рациональное природопользование
653 Ключевые слова __
a Ключевые слова Демография и природоохранные проблемы
653 Ключевые слова __
a Ключевые слова Охрана природы и рациональное природопользование
653 Ключевые слова __
a Ключевые слова Правовые основы охраны окружающей среды
653 Ключевые слова __
a Ключевые слова Рациональное использование природных ресурсов
653 Ключевые слова __
a Ключевые слова Экологические основы природопользования
653 Ключевые слова __
a Ключевые слова Инженерные основы рационального природопользования
653 Ключевые слова __
a Ключевые слова Рациональное природопользование и устойчивое развитие туризма
653 Ключевые слова __
a Ключевые слова Проблемы рационального природопользования и устойчивого развития
653 Ключевые слова __
a Ключевые слова Правовое регулирование охраны окружающей среды и рационального природопользования
653 Ключевые слова __
a Ключевые слова Основы экологии и рационального природопользования
653 Ключевые слова __
a Ключевые слова Рациональное природопользование как элемент национальной безопасности
653 Ключевые слова __
a Ключевые слова Природоохранные мероприятия и экологическая политика
653 Ключевые слова __
a Ключевые слова Экология с основами рационального природопользования
653 Ключевые слова __
a Ключевые слова Биологические основы рационального природопользования
653 Ключевые слова __
a Ключевые слова Правовые и экономические основы рационального природопользования
653 Ключевые слова __
a Ключевые слова Экология. Общие вопросы
653 Ключевые слова __
a Ключевые слова Рациональное природопользование и охрана окружающей среды
653 Ключевые слова __
a Ключевые слова Правовая основа охраны окружающей среды
653 Ключевые слова __
a Ключевые слова Социальная экология и рациональное природопользование
653 Ключевые слова __
a Ключевые слова Промышленная экология и рациональное природопользование
653 Ключевые слова __
a Ключевые слова Основы рационального природопользования и сельскохозяйственного производства
653 Ключевые слова __
a Ключевые слова Введение в экологию
653 Ключевые слова __
a Ключевые слова Экология, рациональное природопользование и охрана природы
653 Ключевые слова __
a Ключевые слова Рациональное природопользования в строительстве
653 Ключевые слова __
a Ключевые слова Государственная политика в сфере рационального природопользования
653 Ключевые слова __
a Ключевые слова Проблемы рационального использования природных ресурсов
653 Ключевые слова __
a Ключевые слова Рациональное природопользование и химические технологии
653 Ключевые слова __
a Ключевые слова Общая экология с основами частной экологии
653 Ключевые слова __
a Ключевые слова Нормативно-правовые основы охраны окружающей среды и рационального природопользования
653 Ключевые слова __
a Ключевые слова Управление безопасностью и рациональным использованием природных ресурсов в сфере производства
653 Ключевые слова __
a Ключевые слова Организация и планирование рационального природопользования при обращениях с отходами
653 Ключевые слова __
a Ключевые слова Экология (общая)
653 Ключевые слова __
a Ключевые слова Основы применения результатов космической деятельности в рациональном природопользовании
653 Ключевые слова __
a Ключевые слова Правовые проблемы применения эколого-экономического механизма рационального использования природных ресурсов
653 Ключевые слова __
a Ключевые слова Рациональное природопользование и охрана природы
653 Ключевые слова __
a Ключевые слова Экологические основы управления сельскохозяйственным природопользованием
653 Ключевые слова __
a Ключевые слова Рациональное природопользование в производстве органических продуктов
653 Ключевые слова __
a Ключевые слова Основы экологии: общая экология
653 Ключевые слова __
a Ключевые слова Рациональное природопользование и оценка воздействия на окружающую среду
653 Ключевые слова __
a Ключевые слова Экология и рациональное использование природных ресурсов
653 Ключевые слова __
a Ключевые слова Добровольная лесная сертификация в системе устойчивого природопользования
653 Ключевые слова __
a Ключевые слова Основы общей экологии
653 Ключевые слова __
a Ключевые слова Экология окружающей среды
856 Электронный адрес документа 40
n Местонахождение сервера Юрайт
g Электронная книга
q Тип электронного формата html
h Имя пользователя ЮРАЙТ
v Часы доступа к ресурсу 20271231
2 Способ доступа Показать документ
x Служебное примечание https://urait.ru/book/cover/010E90CD-333D-4ABA-BB05-186528182B5D
u URL https://urait.ru/bcode/582649
856 Электронный адрес документа 48
q Тип электронного формата cover
u URL https://urait.ru/book/cover/010E90CD-333D-4ABA-BB05-186528182B5D
911 __
u 0030=https://urait.ru/bcode/582649
911 __
u 073a=9785534165616
u 073d=1469.00
911 __
u 106a=s
911 __
u 900l=
952 Тип литературы __
i Дисциплина Экология
952 Тип литературы __
i Дисциплина Общая экология
952 Тип литературы __
i Дисциплина Основы рационального природопользования
952 Тип литературы __
i Дисциплина Охрана окружающей среды
952 Тип литературы __
i Дисциплина Рациональное природопользование
952 Тип литературы __
i Дисциплина Основы экологии
952 Тип литературы __
i Дисциплина Экология и рациональное природопользование
952 Тип литературы __
i Дисциплина Демография и природоохранные проблемы
952 Тип литературы __
i Дисциплина Охрана природы и рациональное природопользование
952 Тип литературы __
i Дисциплина Правовые основы охраны окружающей среды
952 Тип литературы __
i Дисциплина Рациональное использование природных ресурсов
952 Тип литературы __
i Дисциплина Экологические основы природопользования
952 Тип литературы __
i Дисциплина Инженерные основы рационального природопользования
952 Тип литературы __
i Дисциплина Рациональное природопользование и устойчивое развитие туризма
952 Тип литературы __
i Дисциплина Проблемы рационального природопользования и устойчивого развития
952 Тип литературы __
i Дисциплина Правовое регулирование охраны окружающей среды и рационального природопользования
952 Тип литературы __
i Дисциплина Основы экологии и рационального природопользования
952 Тип литературы __
i Дисциплина Рациональное природопользование как элемент национальной безопасности
952 Тип литературы __
i Дисциплина Природоохранные мероприятия и экологическая политика
952 Тип литературы __
i Дисциплина Экология с основами рационального природопользования
952 Тип литературы __
i Дисциплина Биологические основы рационального природопользования
952 Тип литературы __
i Дисциплина Правовые и экономические основы рационального природопользования
952 Тип литературы __
i Дисциплина Экология. Общие вопросы
952 Тип литературы __
i Дисциплина Рациональное природопользование и охрана окружающей среды
952 Тип литературы __
i Дисциплина Правовая основа охраны окружающей среды
952 Тип литературы __
i Дисциплина Социальная экология и рациональное природопользование
952 Тип литературы __
i Дисциплина Промышленная экология и рациональное природопользование
952 Тип литературы __
i Дисциплина Основы рационального природопользования и сельскохозяйственного производства
952 Тип литературы __
i Дисциплина Введение в экологию
952 Тип литературы __
i Дисциплина Экология, рациональное природопользование и охрана природы
952 Тип литературы __
i Дисциплина Рациональное природопользования в строительстве
952 Тип литературы __
i Дисциплина Государственная политика в сфере рационального природопользования
952 Тип литературы __
i Дисциплина Проблемы рационального использования природных ресурсов
952 Тип литературы __
i Дисциплина Рациональное природопользование и химические технологии
952 Тип литературы __
i Дисциплина Общая экология с основами частной экологии
952 Тип литературы __
i Дисциплина Нормативно-правовые основы охраны окружающей среды и рационального природопользования
952 Тип литературы __
i Дисциплина Управление безопасностью и рациональным использованием природных ресурсов в сфере производства
952 Тип литературы __
i Дисциплина Организация и планирование рационального природопользования при обращениях с отходами
952 Тип литературы __
i Дисциплина Экология (общая)
952 Тип литературы __
i Дисциплина Основы применения результатов космической деятельности в рациональном природопользовании
952 Тип литературы __
i Дисциплина Правовые проблемы применения эколого-экономического механизма рационального использования природных ресурсов
952 Тип литературы __
i Дисциплина Рациональное природопользование и охрана природы
952 Тип литературы __
i Дисциплина Экологические основы управления сельскохозяйственным природопользованием
952 Тип литературы __
i Дисциплина Рациональное природопользование в производстве органических продуктов
952 Тип литературы __
i Дисциплина Основы экологии: общая экология
952 Тип литературы __
i Дисциплина Рациональное природопользование и оценка воздействия на окружающую среду
952 Тип литературы __
i Дисциплина Экология и рациональное использование природных ресурсов
952 Тип литературы __
i Дисциплина Добровольная лесная сертификация в системе устойчивого природопользования
952 Тип литературы __
i Дисциплина Основы общей экологии
952 Тип литературы __
i Дисциплина Экология окружающей среды